Majstrovstvá sveta v bašte orientačného behu v Košiciach zažijeme súboj zahraničnej i domácej špičky bežcov s buzolou

Bibliographic Details
Main Author: Bodnár, Dušan (Author)
Format: Article
Language:Slovak
PhysicalDescription:Fotografie
ISSN:1339-7605
Subjects:
Online Access:https://kosicednes.sk/udalosti/majstrovstva-sveta-v-baste-orientacneho-behu/

MARC

LEADER 00000nab a2200000u 4500
001 vtls011917282
003 SK-MaSNL
005 20260303095131.0
008 200212|20200205xo ||||||| ||00 ||slo|
038 |a KEVKJB 
040 |a KEVKJB  |b slo  |e rda 
041 0 |a slo 
043 |a e-xo--- 
044 |a xo  |c SK 
072 7 |a 796  |x Šport. Hry. Telesné cvičenia  |2 konspekt 
080 |a 796.56  |2 2011 
100 1 |a Bodnár, Dušan  |4 aut  |9 1087804 
245 1 0 |a Majstrovstvá sveta v bašte orientačného behu  |b v Košiciach zažijeme súboj zahraničnej i domácej špičky bežcov s buzolou  |c Dušan Bodnár 
300 |b Fotografie 
336 |a text  |b txt  |2 rdacontent 
337 |a bez média  |b n  |2 rdamedia 
338 |a zväzok  |b nc  |2 rdacarrier 
648 7 |a 2020  |2 SNK  |9 340435 
650 0 7 |a orientačný beh  |2 SNKPH  |9 23503 
650 0 7 |a majstrovstvá sveta  |2 SNK  |9 449569 
650 0 7 |a športoví veteráni  |2 SNKPH  |9 120960 
651 7 |a Košice (Slovensko)  |2 SNKPHgeo  |9 18694 
773 0 |t KOŠICE:DNES  |g Roč. 7, č. 24 (5.2.2020), s. 15  |x 1339-7605 
852 |a KEVKJB  |b KIS3GCP 
856 4 1 |u https://kosicednes.sk/udalosti/majstrovstva-sveta-v-baste-orientacneho-behu/ 
999 |c 1823948  |d 1825878